The law of compulsory purchase and compensation (Record no. 115750)

MARC details
000 -LEADER
fixed length control field 00801cam a22002175a 4500
001 - CONTROL NUMBER
control field L159228
008 - FIXED-LENGTH DATA ELEMENTS--GENERAL INFORMATION
fixed length control field 160321s2014 xxk f 000 0 eng d
020 ## - INTERNATIONAL STANDARD BOOK NUMBER
International Standard Book Number 9781849464482
035 ## - SYSTEM CONTROL NUMBER
System control number (Sirsi) u159228
041 0# - LANGUAGE CODE
Language code of text/sound track or separate title eng
050 04 - LIBRARY OF CONGRESS CALL NUMBER
Classification number 711.1
100 1# - MAIN ENTRY--PERSONAL NAME
Personal name Barnes, Michael
245 04 - TITLE STATEMENT
Title The law of compulsory purchase and compensation
260 ## - PUBLICATION, DISTRIBUTION, ETC.
Place of publication, distribution, etc. Oxford
Name of publisher, distributor, etc. Hart Publishing
Date of publication, distribution, etc. 2014
300 ## - PHYSICAL DESCRIPTION
Extent 1xv, 592p, 25cm
520 ## - SUMMARY, ETC.
Summary, etc. Statement of the current law of compulsory purchase of land and compensation for that purchase. Covers all major aspects of the procedure for the compulsory acquisition of land and gives full details of all aspects of the law of compensation for such an acquisition.
590 ## - LOCAL NOTE (RLIN)
Local note KA
651 #4 - SUBJECT ADDED ENTRY--GEOGRAPHIC NAME
Geographic name United Kingdom
690 ## - LOCAL SUBJECT ADDED ENTRY--TOPICAL TERM (OCLC, RLIN)
Topical term or geographic name as entry element Compulsory purchase
9 (RLIN) 6228
942 ## - ADDED ENTRY ELEMENTS (KOHA)
Suppress in OPAC 0
Holdings
Withdrawn status Lost status Source of classification or shelving scheme Damaged status Not for loan Home library Current library Shelving location Date acquired Total Checkouts Full call number Barcode Date last seen Copy number Price effective from Koha item type
    Dewey Decimal Classification     London London Books 21/03/2016   711.1 30075277 06/08/2019 1 06/08/2019 Book